| 000 | 00618nam a2200241Ia 4500 | ||
|---|---|---|---|
| 003 | 0100 | ||
| 008 | 130227s9999 xx 000 0 und d | ||
| 020 | _a0435800809 | ||
| 040 | _cARRUPELIB | ||
| 050 | _aLB1027.5.B496 | ||
| 100 | _aBlackburn, Keith | ||
| 245 | 4 | _aThe Tutor | |
| 260 | _aLondon | ||
| 260 | _bHeinemann Educational Books | ||
| 260 | _C1975 | ||
| 300 | _a262p | ||
| 300 | _b 22cm | ||
| 440 | _aHeinemann organization in schools series | ||
| 650 | _bHitler, Adolf, 1889-1945 | ||
| 650 | _cHeads of state - Germany - Biography | ||
| 650 | _dGermany - History - 1933-1945 | ||
| 942 |
_2lcc _01 |
||
| 999 |
_c3479 _d3479 |
||